000 00678cam a2200181 i 4500
005 20251221095340.0
008 250721r2016 jo gr 000 0 ara d
082 1 4 _a218.2
_bش ر ي
100 1 _aالشريف، وفاء محمد عزت
_eمؤلف.
245 1 0 _aأدبني ربي فأحسن تأديبي /
_cتاليف الدكتورة وفاء محمد عزت الشريف.
250 _aالطبعة الاولى.
264 3 1 _aعمان - الاردن :
_bدار النفائس للنشر والتوزيع،
_c2016.
300 _a247صفحة.
650 1 7 _aالأسلام.
650 1 7 _aالأداب الأسلامية.
942 _2ddc
_cBK
999 _c133900
_d133900